Campus STU Bratislava

Saved in:
Bibliographic Details
Main Author: László, Géza (Author)
Other Authors: Nádaská, Zuzana (Thesis advisor)
Format: Manuscript Book
Language:Slovak
Published: 2022
Subjects:
Online Access:http://is.stuba.sk/zp/portal_zp.pl?podrobnosti=164100
https://opac.crzp.sk/?fn=detailBiblioForm&sid=D9F0BB0A8DA9926980A591D31B33
Tags: Add Tag
No Tags, Be the first to tag this record!

MARC

LEADER 00000ntm a22000003a 4500
001 stuzp83666
003 SK-STU
005 20230509085446.2
007 ta
008 150427s2015----xo-----f-mn---000-0-slo-d
040 |a STU  |b slo 
041 0 |a slo 
100 1 |a László, Géza  |u 010310  |4 aut  |U SvF Stavebná fakulta  |T SvF Katedra architektúry  |X 81078  |U V181|V310  |Y 19  |7 81078 
242 0 1 |a Campus STU Bratislava  |y eng 
245 1 0 |a Campus STU Bratislava 
260 |c 2022 
650 4 |a vzdelávanie  |2 slo 
650 4 |a campus  |2 slo 
650 4 |a Bratislava  |2 slo 
650 4 |a start-up  |2 slo 
650 4 |a komunita  |2 slo 
650 4 |a udržateľnosť  |2 slo 
650 4 |a renovácia  |2 slo 
650 4 |a education  |2 eng 
650 4 |a campus  |2 eng 
650 4 |a Bratislava  |2 eng 
650 4 |a start-up  |2 eng 
650 4 |a community  |2 eng 
650 4 |a renovation  |2 eng 
650 4 |a sustainability  |2 eng 
700 1 |a Nádaská, Zuzana  |u 010310  |k Z1  |4 ths  |U SvF Stavebná fakulta  |T SvF Katedra architektúry  |X 790  |U V181|V310  |Y 19  |7 A000000790 
856 4 |u http://is.stuba.sk/zp/portal_zp.pl?podrobnosti=164100 
856 4 |u https://opac.crzp.sk/?fn=detailBiblioForm&sid=D9F0BB0A8DA9926980A591D31B33